095_ Personnalités nées un 5 avril par images - Statistiques

Statistiques générales
  • Ce quiz a été pris 33 fois
  • Le résultat moyen est 3 sur 9
Statistiques - réponses
Par images Hint Réponse % Correct
Rappeur Pharell Williams
82%
Politicien Jules Ferry
45%
Actrice Charlotte de Turckheim
39%
Actrice Valérie Bonneton
36%
Mangaka Akira Toriyama
30%
Actrice Hayley Atwell
9%
Philosophe Thomas Hobbes
9%
Chanteuse Agnetha Fältskog
0%
Actrice Lily James
0%
Aucun quiz correspondant
Distribution des résultats
% des personnes avec chaque résultat
Percentile par nombre de réponses
Votre historique - résultats
Vous n’avez pas pris ce quiz